| 000 | 00685cab a2200217 4500 | ||
|---|---|---|---|
| 001 | WB2708-61 | ||
| 008 | 090401t1991 xxu||||| |||| 00| 0 eng d | ||
| 035 | _a(Sirsi) u14555 | ||
| 041 | _aeng | ||
| 245 | _aLight railway schemes dropped | ||
| 260 | _c1991 | ||
| 350 | _a0 | ||
| 490 |
_aDaily Telegraph _v20/2/91 p20 |
||
| 520 | _aAccording to Transport Advisory Service `s " Rapid transit " report, the property slump is leading to many local authorities dropping plans to develop light railway schemes. | ||
| 650 | _aPRIVATE BILLS | ||
| 650 | _aRAPID TRANSPORT SYSTEMS | ||
| 650 | _aSUPERTRAM | ||
| 690 | _aTRANSPORT AND COMMUNICATIONS | ||
| 942 | _n0 | ||
| 948 | _c04/03/1997 | ||
| 999 |
_c9495 _d9495 |
||